000 00758nam a2200193Ia 4500
003 GCL
008 140319s9999 xx 000 0 ara d
020 _a7894509953
040 _aGCL /
_cGCL
082 0 4 _a149.7
_bم ح
245 1 0 _aحصيلة العقلانية والتنوير فى الفكر العربى المعاصر :
_bبحوث ومناقشات الندوة الفكرية التى نظمها مركز دراسات الوحدة العربية
250 _aالاولى
260 _aبيروت :
_bمركز دراسات الوحدة العربية ،
_c2005
300 _a380ص ؛
_c24سم
650 0 4 _aالتنوير( الفلسفة )
650 0 4 _aالعقلانية
650 0 4 _aالفكر العربى المعاصر
942 _2ddc
_cBK
999 _c7533
_d7533